LIBRARY & INFORMATION CENTRE, KCAET, TAVANUR

ONLINE PUBLIC ACCESS CATALOGUE (OPAC)

Hydrology for engineers / (Record no. 2034)

MARC details
000 -LEADER
fixed length control field 00576cam a2200217ua 4500
020 ## - INTERNATIONAL STANDARD BOOK NUMBER
ISBN 0 07 037956 4
041 ## - LANGUAGE CODE
Language code of text/sound track or separate title eng
082 ## - DEWEY DECIMAL CLASSIFICATION NUMBER
Classification number 551.4802462
Item number LIN/HY
100 ## - MAIN ENTRY--AUTHOR NAME
Personal name Linsley, K .
245 ## - TITLE STATEMENT
Title Hydrology for engineers /
250 ## - EDITION STATEMENT
Edition statement 3 /
260 ## - PUBLICATION, DISTRIBUTION, ETC. (IMPRINT)
Place of publication Singapore :
Name of publisher McGraw-Hill International Book Company ,
Year of publication 1982.
300 ## - PHYSICAL DESCRIPTION
Number of Pages 487 ; .
700 1# - ADDED ENTRY--PERSONAL NAME
Personal name Kohler, Max A .
700 1# - ADDED ENTRY--PERSONAL NAME
Personal name Paulhees, Joseph L . H .
942 ## - ADDED ENTRY ELEMENTS (KOHA)
Koha item type Books
Holdings
Withdrawn status Lost status Damaged status Home library Current library Date acquired Full call number Accession Number Koha item type
      KAUAET KAUAET 07/04/2012 551.4802462 LIN/HY 15706 Books
      KAUAET KAUAET 07/08/1986 551.4802462 LIN/HY 15320 Books
free website counter